000 00348nam a2200145Ia 4500
008 220216s9999 xx 000 0 und d
100 _aRamakrishnan T.S.
245 0 _aBrown bast
260 _bRubber Board Bulletin
_c1963-64
300 _a61-63
650 _aBrown bast
650 _aRubber plantation
700 _aPillay P.N.R.
942 _cBS
999 _c50251
_d50251